000 00526ntaaa2200193 4500
003 01
005 20251027201325.0
008 0714s1973 ag 01
040 _aAR-BaBN
_bspa
_cAR-BaBN
_eaacr
_dRIC
082 _a223.1000 M16
100 _aMcFayden, John Edgar
_911508
245 _aProblem of pain; a study in the book of Job.
250 _a1 ed. :
_bJames Clarke and Co. Ltd.,
_cn.f.
300 _a297 p.
650 _aBiblia-Antiguo Testamento-Job
650 _aAntiguo Testamento-Job
650 _aJob
_9347
942 _cBK
999 _c7691
_d7691